logo

Bir Sreshtho Munshi Abdur Rouf Library
Jhenaidah Cadet College

অভিনয়-ভাবনা / (Record no. 8033)

MARC details
000 -LEADER
fixed length control field 00652nam a2200217 a 4500
001 - CONTROL NUMBER
JCCL Control Number 8033
003 - CONTROL NUMBER IDENTIFIER
JCCL marc code BD-JhCC
005 - DATE AND TIME OF LATEST TRANSACTION
control field 20180217182101.0
008 - FIXED-LENGTH DATA ELEMENTS--GENERAL INFORMATION
fixed length control field 180217s1985 bg |||| |||| 000 0 ben d
035 ## - SYSTEM CONTROL NUMBER
system control number (BD-JhCC)8033
040 ## - CATALOGING SOURCE
Original cataloging agency BD-JhCC
Modifying agency BD-JhCC
041 ## - LANGUAGE CODE
Language code of Book ben
082 ## - DEWEY DECIMAL CLASSIFICATION NUMBER
Classification number 792.028
Author mark and Year ZAK 1985
100 ## - MAIN ENTRY--PERSONAL NAME
Personal name জাকারিয়া, মোহাম্মদ
245 ## - TITLE STATEMENT
Title অভিনয়-ভাবনা /
Statement of responsibility, etc মোহাম্মদ জাকারিয়া,
260 ## - PUBLICATION, DISTRIBUTION, ETC. (IMPRINT)
Place of publication, distribution, etc ঢাকা :
Name of publisher, distributor, etc বাংলা একাডেমী,
Date of publication, distribution, etc 1985.
300 ## - PHYSICAL DESCRIPTION
Pagination 86 p. :
Dimensions 21 cm.
650 ## - SUBJECT ADDED ENTRY--TOPICAL TERM
Topical term or geographic name as entry element Acting Cast.
942 ## - ADDED ENTRY ELEMENTS (KOHA)
Source of classification or shelving scheme Dewey Decimal Classification
Koha item type Books
Holdings
Source of classification or shelving scheme Damaged status Not for loan Home library Current library Shelving location Cost, normal purchase price Total Checkouts Full call number Barcode Date last seen Copy number Koha item type
Dewey Decimal Classification     JCC Rouf Library JCC Rouf Library General Stacks 30.00   792.028 ZAK 1985 10610 02/17/2018 C-1 Books

JCC Library | Contacts | JCC Home

Last Update on 23 September 2017
Copyright @ 2017-2020 JCC Rouf Library
Rouf Library, Jhenidah Cadet College (JCC), Bangladesh